Statistics for 8 official cities in Scotland

Click here to take the quiz!

General Stats

  • This quiz has been taken 36 times
    (22 since last reset)
  • The average score is 6 of 8

Answer Stats

City% Correct
Edinburgh
94%
Aberdeen
89%
Glasgow
89%
Dundee
83%
Inverness
83%
Stirling
72%
Perth
61%
Dunfermline
44%

Score Distribution

Percentile by Number Answered

Percent of People with Each Score

Your Score History

You have not taken this quiz since the last reset